| 000 | 01055nam a2200265 a 4500 | ||
|---|---|---|---|
| 001 | BRCA_649 | ||
| 005 | 20190320203109.0 | ||
| 008 | 070315s2006 mx-a---##c---f000-0dspa-# | ||
| 020 | _a9685827052 | ||
| 020 | _a9709703897 | ||
| 040 |
_aDLC _cDLC |
||
| 050 | 4 |
_aN910.M36 _b.G95 2006 |
|
| 245 | 1 | 0 |
_aGuía _bMuseo Nacional de Arte _cproyecto y coordinación general Roxana Velásquez Martínez del Campo ; coordinación académica y editorial Ana Ortíz Islas. |
| 260 |
_aMéxico _bPatronato del Museo Nacional de Arte : MUNAL : CONACULTA-INBA _cc2006 |
||
| 300 |
_a291 p. _bil. a color _c24 cm. |
||
| 500 | _aIncluye índice de artistas | ||
| 500 | _a2do. ejemplar en el Área de Investigación | ||
| 610 | 2 | 4 |
_aMuseo Nacional de Arte (Ciudad de México) _vCatálogos _92178 |
| 610 | 2 | 4 |
_aMuseo Nacional de Arte (Ciudad de México) _vGuías _92179 |
| 650 | 1 | 4 |
_aArte mexicano _vCatálogos _92180 |
| 650 | 1 | 4 |
_aArte _vCatálogos _zMéxico _92181 |
| 700 | 1 |
_aVelásquez Martínez del Campo, Roxana _92182 |
|
| 700 | 1 |
_aOrtíz Islas, Ana _9930 |
|
| 942 |
_2lcc _cB |
||
| 999 |
_c565 _d565 |
||